000 00544nam a2200145Ia 4500
008 140724s9999 xx 000 0 und d
050 _aLC 4717.5
_b.B214 2012
100 _aBandilla, Cristina M.
245 _aInfluence of pictures exchange communication system on the communication skills of a student with autism /
_cCristina M. Bandilla.
260 _aLas PiƱas, Philippines :
_bSouthville International School and Colleges,
_cc2012.
300 _a60 p. :
_bill. ;
_c28 cm.
521 _aSpecial Education
942 _cTH
999 _c228922
_d228922